| Tag |
First Indicator |
Second Indicator |
Subfields |
| LEADER |
00000cam a2200000 a 4500 |
| 001 |
in00000070593 |
| 005 |
20151008061825.0 |
| 008 |
810804s1980 vau i 00010 eng d |
| 035 |
|
|
|a (OCoLC)07638529
|
| 035 |
|
|
|9 AAJ8903AM
|
| 040 |
|
|
|c OWK
|d OCL
|d TXA
|d UtOrBLW
|
| 049 |
|
|
|a TXAM
|c [1195830]
|
| 082 |
0 |
|
|a 016/.0015
|
| 090 |
|
|
|a Z5630.M37
|b P88
|
| 100 |
1 |
|
|a Matlon, Ronald J.,
|d 1938-
|
| 245 |
1 |
0 |
|a Index to journals in communication studies through 1979 /
|c compiled by Ronald J. Matlon.
|
| 264 |
|
1 |
|a Annandale, Va. :
|b Speech Communication Association,
|c [1980]
|
| 264 |
|
4 |
|c ©1980
|
| 300 |
|
|
|a 531 pages ;
|c 26 cm.
|
| 336 |
|
|
|a text
|b txt
|2 rdacontent
|
| 337 |
|
|
|a unmediated
|b n
|2 rdamedia
|
| 338 |
|
|
|a volume
|b nc
|2 rdacarrier
|
| 505 |
0 |
|
|a Quarterly Journal of Speech (1915-1979) -- Communication Monographs (1934-1979) -- Communication Education (1952-1979) -- Southern Speech Communication Journal (1935-1979) -- Western Journal of Speech Communication (1937-1979) -- Central States Speech Journal (1949-1979) -- Communication Quarterly (1953-1979) -- Association for Communication Administration Bulletin (1972-1979) -- Philosophy and Rhetoric (1968-1979) -- Journal of Communication (1951-1979) -- Human Communication Research (1974-1979) -- Journalism Quarterly (1924-1979) -- Journal of Broadcasting (1956-1979) -- Journal of the American Forensic Association (1964-1979).
|
| 650 |
|
0 |
|a Communication
|v Periodicals
|x Indexes.
|
| 999 |
|
|
|a MARS
|
| 999 |
f |
f |
|s 0fabc008-6d9d-31ba-9c12-9594a19f75e4
|i 1ba69499-458a-3427-b625-515137254a43
|t 0
|
| 952 |
f |
f |
|p ric
|a Texas A&M University
|b Rellis Campus
|c Joint Library Facility
|d Remote Storage
|t 0
|e Z5630.M37 P88
|h Library of Congress classification
|i unmediated -- volume
|m A14842732936
|
| 998 |
f |
f |
|a Z5630.M37 P88
|t 0
|l Remote Storage
|